000 00827nam a2200217 a 4500
001 000009052
005 20240412074209.0
008 090925s1944 dr 001 p spa d
040 _aDO-SdBNP
_bspa
_cBNPHU
082 _aRD861.42
_bC468L, 1944
100 1 _aChapuseaux A., G. Adalberto
_923696
245 1 0 _aLibro original de acrósticos: / :
_bG. Adalberto Chapuseaux A. ;prólogo Ofelio Pujol Almaran.
250 _a2a. ed.
260 _aSantiago, República Dominicana :
_bMuchas Gracias,
_c1944.
300 _a130 p. ;
_c22 cm.
500 _aDedicado a los padres de la Patria con motivo del primer centenario de la independencia de la República Dominicana
650 4 _aPoesía patriótica dominicana
_92762
650 0 _aLiteratura dominicana.
_967
700 1 _aPujol Almaran, Ofelio
_epról.
_923697
049 _aBNPD
999 _c8816
_d8816